Inequalities for differential and integral equations. (Record no. 29173)

000 -LEADER
fixed length control field 00836 a2200217 4500
020 ## - INTERNATIONAL STANDARD BOOK NUMBER
International Standard Book Number 0125434308
020 ## - INTERNATIONAL STANDARD BOOK NUMBER
International Standard Book Number 9780125434300
082 04 - DEWEY DECIMAL CLASSIFICATION NUMBER
Classification number 515.26
090 ## - LOCALLY ASSIGNED LC-TYPE CALL NUMBER (OCLC); LOCAL CALL NUMBER (RLIN)
-- 543
-- 543
100 ## - MAIN ENTRY--PERSONAL NAME
Personal name Pachpatte, B. G.
245 10 - TITLE STATEMENT
Title Inequalities for differential and integral equations.
Number of part/section of a work Volume 197 /
Statement of responsibility, etc. B. G. Pachpatte, William F. Ames.
260 ## - PUBLICATION, DISTRIBUTION, ETC.
Place of publication, distribution, etc. [S.l.] :
Name of publisher, distributor, etc. Academic Press,
Date of publication, distribution, etc. 1998.
300 ## - PHYSICAL DESCRIPTION
Extent 611 p. ;
Dimensions 24 cm.
490 1# - SERIES STATEMENT
Series statement Mathematics in science and engineering.
700 1# - ADDED ENTRY--PERSONAL NAME
Personal name Pachpatte, B. G.
700 1# - ADDED ENTRY--PERSONAL NAME
Personal name Ames, William F.
830 #0 - SERIES ADDED ENTRY--UNIFORM TITLE
Uniform title Mathematics in science and engineering.
856 40 - ELECTRONIC LOCATION AND ACCESS
Materials specified Amazon.com
Uniform Resource Identifier <a href="http://www.amazon.com/exec/obidos/ASIN/0125434308/chopaconline-20">http://www.amazon.com/exec/obidos/ASIN/0125434308/chopaconline-20</a>
942 ## - ADDED ENTRY ELEMENTS (KOHA)
Institution code [OBSOLETE] SNS
Koha item type Book
Call number prefix 515.26 PAC
Holdings
Withdrawn status Lost status Damaged status Not for loan Permanent Location Current Location Date acquired Total Checkouts Full call number Barcode Date last seen Price effective from Koha item type
        School of Natural Sciences (SNS) School of Natural Sciences (SNS) 05/26/2016   515.26 PAC SNS0000486 11/05/2018 05/26/2016 Book
© 2023 Central Library, National University of Sciences and Technology. All Rights Reserved.